[Event "EU Union-ch U12"]
[Site "Kouty nad Desnou"]
[Date "2023.08.24"]
[Round "9"]
[White "Janouskova, Eliska"]
[Black "Kozdon, Marek"]
[Result "1-0"]
[WhiteElo "1398"]
[BlackElo "1233"]
[PlyCount "115"]
[EventDate "2023.08.16"]
[EventType "swiss"]
[EventRounds "9"]
[EventCountry "CZE"]
[SourceTitle "EXT 2024"]
[Source "ChessBase"]
[SourceDate "2023.10.10"]
[SourceVersion "1"]
[SourceVersionDate "2023.10.10"]
[SourceQuality "1"]

1. e4 c5 2. Nf3 e6 3. d4 cxd4 4. Nxd4 a6 5. c4 Nf6 6. Nc3 Qc7 7. a3 b6 8. Be3 Bb7 9. f3 d6 10. Be2 Nbd7 11. Rc1 Rc8 12. 0-0 Be7 13. b4 0-0 14. Qd2 Rfe8 15. Rfd1 Qb8 16. Kh1 Bd8 17. Rc2 Bc7 18. Bg1 Qa8 19. a4 d5 20. exd5 exd5 21. cxd5 Nxd5 22. Nxd5 Bxd5 23. Bc4 Be5 24. Bxd5 Qxd5 25. Rxc8 Rxc8 26. Nf5 Qxd2 27. Rxd2 Rc7 28. Bxb6 Rc1+ 29. Bg1 Rc7 30. Nd6 Kf8 31. Ne4 Bf4 32. Rd1 Ke7 33. Re1 Rc1 34. Rxc1 Bxc1 35. b5 axb5 36. axb5 Bf4 37. Bd4 Be5 38. Be3 f5 39. Nd2 h6 40. Nc4 Bc7 41. b6 Bb8 42. Na5 Kd8 43. Nc6+ Ke8 44. Nxb8 Nxb8 45. Bf4 Nc6 46. b7 g5 47. b8Q+ Nxb8 48. Bxb8 Kf7 49. g4 fxg4 50. fxg4 Kg6 51. Kg2 h5 52. h3 Kh6 53. Kf3 Kg6 54. Bd6 Kh6 55. Ke4 hxg4 56. hxg4 Kg6 57. Be7 Kf7 58. Bxg5 1-0

[Event "EU Union-ch U12"]
[Site "Kouty nad Desnou"]
[Date "2023.08.19"]
[Round "4"]
[White "Kozdon, Marek"]
[Black "Lottiau, Nathan"]
[Result "1-0"]
[WhiteElo "1233"]
[BlackElo "1025"]
[PlyCount "97"]
[EventDate "2023.08.16"]
[EventType "swiss"]
[EventRounds "9"]
[EventCountry "CZE"]
[SourceTitle "EXT 2024"]
[Source "ChessBase"]
[SourceDate "2023.10.10"]
[SourceVersion "1"]
[SourceVersionDate "2023.10.10"]
[SourceQuality "1"]

1. d4 d5 2. Nf3 Bf5 3. c4 e6 4. Nc3 Nf6 5. Bg5 c6 6. e3 h6 7. Bh4 Na6 8. a3 c5 9. Qa4+ Qd7 10. Qxd7+ Nxd7 11. cxd5 Nc7 12. dxe6 Bxe6 13. Bg3 Nd5 14. Nxd5 Bxd5 15. Rd1 Bb3 16. Rd2 cxd4 17. Nxd4 Bc5 18. Nxb3 Bb6 19. Bb5 Rd8 20. Ke2 Ke7 21. Rhd1 Nf6 22. Rxd8 Rxd8 23. Rxd8 Kxd8 24. h3 a6 25. Bc4 Ke7 26. Be5 Ne4 27. Bd5 Ng5 28. h4 Ne6 29. Bxe6 Kxe6 30. Bxg7 h5 31. Bd4 Bd8 32. Nc5+ Kd5 33. g3 Bb6 34. Nxb7 Bxd4 35. exd4 Kxd4 36. Kd2 Ke4 37. Nc5+ Kf3 38. Ke1 f5 39. Nxa6 f4 40. gxf4 Kxf4 41. b4 Kg4 42. b5 Kxh4 43. b6 Kh3 44. b7 Kg2 45. b8Q h4 46. Qf4 h3 47. Qg3+ Kh1 48. Kf1 h2 49. Qf3# 1-0

[Event "EU Union-ch U12"]
[Site "Pec pod Snezkou"]
[Date "2022.08.22"]
[Round "1"]
[White "Kozdon, Marek"]
[Black "Ivanov, Andrey A2222"]
[Result "0-1"]
[WhiteElo "1275"]
[BlackElo "1782"]
[PlyCount "44"]
[EventDate "2022.08.22"]
[EventType "swiss"]
[EventRounds "9"]
[EventCountry "CZE"]
[SourceTitle "EXT 2023"]
[Source "ChessBase"]
[SourceDate "2022.10.05"]
[SourceVersion "1"]
[SourceVersionDate "2022.10.05"]
[SourceQuality "1"]

1. d4 Nf6 2. c4 c5 3. d5 b5 4. cxb5 a6 5. e3 axb5 6. Bxb5 g6 7. Nc3 Ba6 8. Nf3 Bxb5 9. Nxb5 d6 10. 0-0 Bg7 11. Re1 0-0 12. e4 Nbd7 13. Bf4 Nh5 14. Bc1 Qb6 15. Nc3 Rfb8 16. Qc2 Nhf6 17. Nd2 Ne5 18. f4 c4+ 19. Kh1 Nd3 20. Re2 Nf2+ 21. Rxf2 Qxf2 22. e5 Qe1+ 0-1

[Event "CZE-chT U12"]
[Site "Jihlava"]
[Date "2022.06.12"]
[Round "9.2"]
[White "Horkova, Tereza"]
[Black "Kozdon, Marek"]
[Result "0-1"]
[WhiteElo "1732"]
[BlackElo "1448"]
[PlyCount "38"]
[EventDate "2022.06.10"]
[EventType "team-swiss"]
[EventRounds "9"]
[EventCountry "CZE"]
[SourceTitle "CBM 209 Extra"]
[Source "ChessBase"]
[SourceDate "2022.09.30"]
[SourceVersion "1"]
[SourceVersionDate "2022.09.30"]
[SourceQuality "1"]
[WhiteTeam "Frydek Mistek U12"]
[BlackTeam "Trinec U12"]
[WhiteTeamCountry "CZE"]
[BlackTeamCountry "CZE"]

1. e4 c5 2. c3 d5 3. exd5 Qxd5 4. d4 e6 5. Be3 cxd4 6. cxd4 Nf6 7. Nf3 Nc6 8. Nc3 Qd8 9. Be2 Be7 10. 0-0 0-0 11. h3 Nb4 12. Rc1 Nbd5 13. Nxd5 Nxd5 14. Bd2 b6 15. a3 Bb7 16. Qb3 Qd6 17. Rfd1 Rac8 18. Kh1 Nf4 19. Bb4 Qd7 0-1

[Event "CZE-chT U12"]
[Site "Jihlava"]
[Date "2022.06.11"]
[Round "7.2"]
[White "Kozdon, Marek"]
[Black "Hladka, Leontyna"]
[Result "0-1"]
[WhiteElo "1448"]
[BlackElo "1272"]
[PlyCount "94"]
[EventDate "2022.06.10"]
[EventType "team-swiss"]
[EventRounds "9"]
[EventCountry "CZE"]
[SourceTitle "CBM 209 Extra"]
[Source "ChessBase"]
[SourceDate "2022.09.30"]
[SourceVersion "1"]
[SourceVersionDate "2022.09.30"]
[SourceQuality "1"]
[WhiteTeam "Trinec U12"]
[BlackTeam "Jundrov Jezdci U12"]
[WhiteTeamCountry "CZE"]
[BlackTeamCountry "CZE"]

1. d4 Nf6 2. Nf3 e6 3. c4 b6 4. Bg5 Bb7 5. a3 Be7 6. Nc3 d5 7. e3 0-0 8. Bd3 dxc4 9. Bxc4 Nbd7 10. 0-0 c5 11. dxc5 Nxc5 12. Qe2 Qc7 13. Rfd1 Rfd8 14. Rac1 Rxd1+ 15. Rxd1 Rd8 16. Nb5 Qb8 17. Bf4 Rxd1+ 18. Qxd1 Bxf3 19. Qxf3 e5 20. Bg3 h6 21. h3 Nce4 22. Bh2 a6 23. Nd4 Qc8 24. Nf5 Qxc4 25. Nxe7+ Kf8 26. Bxe5 Kxe7 27. Bxf6+ gxf6 28. Kh2 Qc7+ 29. g3 Ng5 30. Qf4 Qxf4 31. exf4 Ne6 32. Kg2 Kd6 33. Kf3 f5 34. g4 fxg4+ 35. Kxg4 Kd5 36. f5 Nd4 37. f4 Ke4 38. f6 Ne2 39. Kh5 Kf5 40. Kxh6 Nxf4 41. Kg7 Ke6 42. h4 Nh5+ 43. Kh6 Nxf6 44. h5 b5 45. b4 Kd5 46. Kg5 Nxh5 47. Kxh5 Kc4 0-1

[Event "CZE-ch U12"]
[Site "Luhacovice"]
[Date "2022.03.19"]
[Round "9"]
[White "Letal, Hynek"]
[Black "Kozdon, Marek"]
[Result "1-0"]
[WhiteElo "1371"]
[BlackElo "1183"]
[PlyCount "149"]
[EventDate "2022.03.12"]
[EventType "swiss"]
[EventRounds "9"]
[EventCountry "CZE"]
[SourceTitle "EXT 2023"]
[Source "ChessBase"]
[SourceDate "2022.10.05"]
[SourceVersion "1"]
[SourceVersionDate "2022.10.05"]
[SourceQuality "1"]

1. e4 c5 2. Nf3 e6 3. g3 a6 4. Bg2 Qc7 5. 0-0 d6 6. c3 Nf6 7. Re1 b5 8. d4 cxd4 9. cxd4 Bb7 10. a3 Nxe4 11. Qd3 Nf6 12. Nc3 Nbd7 13. Bf4 Rc8 14. Rac1 Qc4 15. Qd2 Qb3 16. Qe2 Be7 17. Bh3 Qc4 18. Qe3 Qb3 19. Re2 0-0 20. Bg2 Nd5 21. Nxd5 Bxd5 22. Rxc8 Rxc8 23. Qxb3 Bxb3 24. Re3 Bd5 25. Bh3 Rc2 26. b4 Nb6 27. Ne1 Rc1 28. Bf1 Ra1 29. Nc2 Ra2 30. Rc3 Bc4 31. Bxc4 Nxc4 32. Kf1 g5 33. Bc1 Bf6 34. Ke1 Kg7 35. Kd1 Kg6 36. Be3 d5 37. Kc1 Rb2 38. Rxc4 dxc4 39. Kxb2 Kf5 40. Kc3 Kg4 41. Ne1 Kh3 42. a4 g4 43. axb5 axb5 44. Nc2 h5 45. Na3 Kxh2 46. Bf4 Kg2 47. Nxb5 Kxf2 48. Nd6 Kf3 49. b5 Bd8 50. Nxf7 Bb6 51. Kxc4 h4 52. Ne5+ Ke4 53. Nxg4 hxg3 54. Bxg3 Kf3 55. Bd6 Kxg4 56. Bc5 Bc7 57. b6 Bb8 58. Kb5 Kf5 59. Kc6 e5 60. Bd6 exd4 61. Bxb8 d3 62. Bf4 Kxf4 63. b7 d2 64. b8Q+ Ke3 65. Qe5+ Kd3 66. Qd5+ Kc2 67. Qc4+ Kb2 68. Qf1 Kc2 69. Qe2 Kc1 70. Qc4+ Kb2 71. Qd3 Kc1 72. Qc3+ Kd1 73. Kc5 Ke2 74. Qc4+ Kf2 75. Qd3 1-0

[Event "CZE-ch U12"]
[Site "Luhacovice"]
[Date "2022.03.15"]
[Round "5"]
[White "Kozdon, Marek"]
[Black "Krautschneider, Daniel Jan"]
[Result "0-1"]
[WhiteElo "1183"]
[BlackElo "1304"]
[PlyCount "116"]
[EventDate "2022.03.12"]
[EventType "swiss"]
[EventRounds "9"]
[EventCountry "CZE"]
[SourceTitle "EXT 2023"]
[Source "ChessBase"]
[SourceDate "2022.10.05"]
[SourceVersion "1"]
[SourceVersionDate "2022.10.05"]
[SourceQuality "1"]

1. d4 Nf6 2. Nf3 g6 3. c4 Bg7 4. Nc3 d5 5. Qb3 c6 6. cxd5 cxd5 7. Bg5 Nc6 8. e3 0-0 9. Be2 Be6 10. Qxb7 Qd6 11. Bf4 Qd7 12. Qxd7 Nxd7 13. 0-0 Nb6 14. Rac1 Rac8 15. Ba6 Rcd8 16. Ne2 Nb4 17. Bb5 a6 18. Bc7 axb5 19. Bxb6 Rc8 20. a3 Nd3 21. Rxc8 Rxc8 22. b4 h6 23. Bc5 Kf8 24. Nc1 Nxc5 25. dxc5 Bb2 26. Nd4 Bxd4 27. exd4 Ra8 28. Nd3 Rxa3 29. Ne5 Ke8 30. Rb1 Bf5 31. Rc1 f6 32. Nc6 Kd7 33. Na5 Rd3 34. h3 Rxd4 35. c6+ Kc7 36. g4 Be4 37. Re1 e5 38. Re3 Rxb4 39. f3 Bb1 40. Rc3 d4 41. Rc1 d3 42. Rd1 Bc2 43. Rd2 Kb6 44. Nb7 Kxc6 45. Nd8+ Kd5 46. Kf2 Kd4 47. Nc6+ Kc3 48. Nxb4 Kxb4 49. Ke3 Kc3 50. h4 b4 51. f4 exf4+ 52. Kxf4 Kxd2 53. g5 fxg5+ 54. Kf3 Kc1 55. h5 gxh5 56. Kf2 d2 57. Kg3 d1Q 58. Kf2 Kd2 0-1

[Event "CZE-ch U12"]
[Site "Luhacovice"]
[Date "2022.03.12"]
[Round "1"]
[White "Kozdon, Marek"]
[Black "Chon, Jeremy"]
[Result "1/2-1/2"]
[WhiteElo "1183"]
[BlackElo "1455"]
[PlyCount "183"]
[EventDate "2022.03.12"]
[EventType "swiss"]
[EventRounds "9"]
[EventCountry "CZE"]
[SourceTitle "EXT 2023"]
[Source "ChessBase"]
[SourceDate "2022.10.05"]
[SourceVersion "1"]
[SourceVersionDate "2022.10.05"]
[SourceQuality "1"]

1. d4 d5 2. Nf3 e6 3. c4 f5 4. Nc3 Nf6 5. Bf4 Bd6 6. Bxd6 Qxd6 7. e3 c6 8. Be2 Nbd7 9. 0-0 0-0 10. Qc2 Ne4 11. Rac1 Rf6 12. cxd5 exd5 13. h3 Rh6 14. Bd3 Qf6 15. a4 g5 16. Nh2 Qe7 17. Nxe4 fxe4 18. Ng4 Rg6 19. Be2 h5 20. Nh2 Nf6 21. Qc5 Qe6 22. Qa5 Qd7 23. Qc5 g4 24. h4 Qe6 25. b4 Bd7 26. g3 Kh8 27. a5 Rgg8 28. Kg2 Rgc8 29. Kg1 Kg8 30. Rc2 Be8 31. Bd1 Nd7 32. Qc3 Qd6 33. Rb2 b6 34. Ba4 b5 35. Bb3 Nb8 36. Rc1 Na6 37. Ba2 Rc7 38. Nf1 Kh8 39. Nd2 Rac8 40. Nb1 Rf7 41. Na3 Bd7 42. Nc2 Rcf8 43. Ne1 Qg6 44. Ng2 Rf3 45. Bb3 Qe6 46. Bd1 R3f7 47. Nf4 Qh6 48. Qd2 Rf5 49. Kh2 Qd6 50. Kg1 Be8 51. Kf1 Nc7 52. Kg1 Ne6 53. Nxe6 Qxe6 54. Qe1 Qd6 55. Rc5 Bd7 56. Rcc2 Qf6 57. Rd2 Qd8 58. Rdc2 Qc7 59. Qf1 Qd6 60. Qe1 Qe6 61. Rd2 Rg8 62. Rdc2 Qe7 63. Rc5 Qe6 64. Rcc2 Qf6 65. Rd2 Qd8 66. Rdc2 Qe7 67. Rc5 a6 68. Rcc2 Rff8 69. Rd2 Rb8 70. Bb3 Rgc8 71. Rdc2 Qf6 72. Qe2 Qf3 73. Qxf3 gxf3 74. Rc1 Rg8 75. Kh2 Rg6 76. Rbc2 Rd6 77. Rc5 Rg8 78. Ba2 Kg7 79. Bb3 Kf6 80. Ba2 Ke7 81. Bb3 Rdg6 82. Rg1 Kd6 83. Ba2 Be8 84. Bb3 Rg4 85. Ba2 Bd7 86. Rcc1 Bc8 87. Bb3 Bb7 88. Rc5 Rc8 89. Ba2 Rgg8 90. Rgc1 Rg7 91. Bb3 Rgc7 92. Ba2 1/2-1/2

[Event "EU Union-ch U10"]
[Site "Kouty nad Desnou"]
[Date "2021.08.22"]
[Round "9.10"]
[White "Bulawa, Adam"]
[Black "Kozdon, Marek"]
[Result "1/2-1/2"]
[WhiteElo "1141"]
[BlackElo "1301"]
[PlyCount "42"]
[EventDate "2021.08.14"]
[EventType "swiss"]
[EventRounds "9"]
[EventCountry "CZE"]
[SourceTitle "EXT 2022"]
[Source "ChessBase"]
[SourceDate "2021.10.06"]
[SourceVersion "1"]
[SourceVersionDate "2021.10.06"]
[SourceQuality "1"]

1. e4 c5 2. Nf3 e6 3. d4 cxd4 4. Nxd4 a6 5. Nc3 b5 6. Nf3 Bb7 7. Bd3 Qc7 8. Be3 d6 9. 0-0 Nd7 10. Ne2 Ngf6 11. Ng3 Be7 12. Qd2 0-0 13. c3 Rfd8 14. Qc2 Rac8 15. Rac1 Ne5 16. Nxe5 dxe5 17. Rfd1 h6 18. h3 Bc5 19. Bxc5 Qxc5 20. Be2 Qc6 21. Bf3 Qc4 1/2-1/2

[Event "EU Union-ch U10"]
[Site "Kouty nad Desnou"]
[Date "2021.08.21"]
[Round "8.7"]
[White "Kozdon, Marek"]
[Black "Lackova, Lucie"]
[Result "0-1"]
[WhiteElo "1301"]
[BlackElo "1090"]
[PlyCount "85"]
[EventDate "2021.08.14"]
[EventType "swiss"]
[EventRounds "9"]
[EventCountry "CZE"]
[SourceTitle "EXT 2022"]
[Source "ChessBase"]
[SourceDate "2021.10.06"]
[SourceVersion "1"]
[SourceVersionDate "2021.10.06"]
[SourceQuality "1"]

1. e4 e5 2. Nf3 Nc6 3. Bc4 Nf6 4. d3 Bc5 5. c3 0-0 6. 0-0 h6 7. Nbd2 d6 8. Bb3 Re8 9. h3 d5 10. exd5 Nxd5 11. Ne4 Bb6 12. Re1 Nf6 13. Ng3 Qd6 14. Be3 Be6 15. Bc2 Rad8 16. Qd2 Bxe3 17. Rxe3 Nd7 18. Ree1 Nb6 19. b3 Bd5 20. Qe2 Nd7 21. Rad1 f6 22. Nd2 Ne7 23. Nde4 Qc6 24. c4 Bf7 25. Nc3 Ng6 26. Nb5 Nf4 27. Qe4 Qb6 28. Qe3 c5 29. Nc3 Qe6 30. Nge4 b6 31. Qg3 Nh5 32. Qf3 Nf4 33. Ng3 Qd6 34. Nce4 Qc6 35. Nd2 Qxf3 36. Nxf3 Nf8 37. Rd2 N8e6 38. Red1 Re7 39. Ne1 Be8 40. Nf5 Red7 41. Ne3 Nd4 42. Bb1 Bh5 43. f3 0-1

[Event "EU Union-ch U10"]
[Site "Kouty nad Desnou"]
[Date "2021.08.18"]
[Round "5.7"]
[White "Kozdon, Marek"]
[Black "Komarek, Tobias"]
[Result "0-1"]
[WhiteElo "1301"]
[BlackElo "1198"]
[PlyCount "56"]
[EventDate "2021.08.14"]
[EventType "swiss"]
[EventRounds "9"]
[EventCountry "CZE"]
[SourceTitle "EXT 2022"]
[Source "ChessBase"]
[SourceDate "2021.10.06"]
[SourceVersion "1"]
[SourceVersionDate "2021.10.06"]
[SourceQuality "1"]

1. e4 e5 2. Nf3 Nc6 3. Bc4 Bc5 4. c3 Nf6 5. d3 d6 6. a4 a5 7. Nbd2 0-0 8. 0-0 Qe7 9. Re1 Be6 10. Bb3 Rad8 11. Bc2 Ng4 12. Rf1 f5 13. h3 Nf6 14. Bb3 fxe4 15. Nxe4 Nxe4 16. dxe4 Bxb3 17. Qxb3+ Qf7 18. Qxb7 Qd7 19. Qb3+ Kh8 20. Bg5 Rb8 21. Qc2 h6 22. Bh4 Rxf3 23. gxf3 Qxh3 24. Bg3 Qxg3+ 25. Kh1 Qh3+ 26. Kg1 Rf8 27. f4 Rxf4 28. Qd3 Rg4+ 0-1